Immunology in plant sciences / (Record no. 12477)
[ view plain ]
| 000 -LEADER | |
|---|---|
| fixed length control field | 01046nam a2200313 a 4500 |
| 001 - CONTROL NUMBER | |
| control field | 12477 |
| 003 - CONTROL NUMBER IDENTIFIER | |
| rucl marc code | BD-RjUL |
| 005 - DATE AND TIME OF LATEST TRANSACTION | |
| control field | 20211208235312.0 |
| 008 - FIXED-LENGTH DATA ELEMENTS--GENERAL INFORMATION | |
| fixed length control field | 140129s1986 wb 001 0 eng d |
| 020 ## - INTERNATIONAL STANDARD BOOK NUMBER | |
| International Standard Book Number | 0387168427 New York |
| International Standard Book Number | 3540168427 Berlin |
| 035 ## - SYSTEM CONTROL NUMBER | |
| System control number | (BD-RjUL)12526 |
| 040 ## - CATALOGING SOURCE | |
| Original cataloging agency | UkOxU |
| Language of cataloging | eng |
| Transcribing agency | UkOxU |
| Modifying agency | BD-RjUL |
| 041 ## - LANGUAGE CODE | |
| Language code of text/sound track or separate title | eng |
| 082 ## - DEWEY DECIMAL CLASSIFICATION NUMBER | |
| Edition number | 19 |
| Classification number | 581.19285 |
| Author mark and year | IMM 1986 |
| 245 00 - TITLE STATEMENT | |
| Title | Immunology in plant sciences / |
| Statement of responsibility, etc. | ediImmunology in plant sciencested by H.F. Linskens and J.F. Jackson ; contributors, J. Brulfert [et al.] |
| 260 ## - PUBLICATION, DISTRIBUTION, ETC. (IMPRINT) | |
| Place of publication, distribution, etc. | Berlin ; |
| -- | London : |
| Name of publisher, distributor, etc. | Springer Verlag, |
| Date of publication, distribution, etc. | c1986 |
| 300 ## - PHYSICAL DESCRIPTION | |
| Pagination | xviii, 263 p. : |
| Illustrations | illus. ; |
| Size | 24 cm |
| 490 1# - SERIES STATEMENT | |
| Series statement | Modern methods of plant analysis ; |
| Volume/sequential designation | New ser., v. 4 |
| 504 ## - BIBLIOGRAPHY, ETC. NOTE | |
| Bibliography, etc | Includes index. |
| 650 #0 - SUBJECT ADDED ENTRY--TOPICAL TERM | |
| Topical term or geographic name as entry element | Plant immunochemistry |
| 9 (RLIN) | 38832 |
| 700 1# - ADDED ENTRY--PERSONAL NAME | |
| Personal name | Jackson, J. F. |
| Personal name | Linskens, H. F. |
| Personal name | Brulfert, J. |
| 830 #0 - SERIES ADDED ENTRY--UNIFORM TITLE | |
| Volume number/sequential designation | New ser., v. 4 |
| 830 #0 - SERIES ADDED ENTRY--UNIFORM TITLE | |
| Uniform title | Modern methods of plant analysis ; |
| 942 ## - ADDED ENTRY ELEMENTS (KOHA) | |
| Source of classification or shelving scheme | Dewey Decimal Classification |
| Koha item type | Books |
| Lost status | Source of classification or shelving scheme | Damaged status | Not for loan | Collection code | Permanent Location | Current Location | Shelving location | Date acquired | Source of acquisition | Cost, normal purchase price | Total Checkouts | Full call number | Date last seen | Copy number | Koha item type |
|---|---|---|---|---|---|---|---|---|---|---|---|---|---|---|---|
| Dewey Decimal Classification | Not For Loan | Non-fiction | Central Library, University of Rajshahi | Central Library, University of Rajshahi | Reading Room | 07/10/1996 | Syntex chi. | 228.00 | 581.19285 IMM 1986 | 29/01/2014 | C-1 | Books |